000 00773nam a2200205Ia 4500
003 Ost
005 20260507075047.0
008 260507s9999||||xx |||||||||||||| ||und||
040 _cfsecg
041 _aara
082 _a340
100 _aعثمان، حسين عثمان محمد
_eمؤلف
245 0 _aالقانون الدستوري /
_c حسين عثمان محمد عثمان
260 _aالإسكندرية:
_bدار المطبوعات الجامعية,
_c2002
300 _a451 صفحة؛
_bإيضاحات ؛
_c24 سم
520 _aالمبادئ الدستورية العامة-مضمون النظام الدستوري المصري
653 _aالقانون الدستوري
653 _aمصر- القانون الدستوري
942 _cكتاب
999 _c42589
_d42589